000 00879nam a2200253Ia 4500
003 OSt
005 20220930080409.0
006 a|||||r|||| 00| 0
007 ta
008 220926b |||||||| |||| 00| 0 eng d
024 _a87881
037 _cTheses
040 _aCRL
_cCRL
_beng
041 _2eng
_aeng
100 _aDatta Sudipta
_9538771
110 _aUniversity of Delhi. Faculty of Inter-displinary and Applied Sciences. Department of Genetics
_9520263
245 0 _aAnalysis of CaMV 35S promoter and testing synthetic promoters for homology based gene silencing
260 _c2006
650 _aGENETICS
700 _a Dr. Pradeep Kumar Burma
_9538772
700 _aUniversity of Delhi. Faculty of Inter-displinary and Applied Sciences. Department of Genetics
_9520264
942 _cDIS
_2CC
999 _c869765
_d869765